| 000 | 00685nam a2200205Ia 4500 | ||
|---|---|---|---|
| 005 | 20241216011502.0 | ||
| 008 | 190429s9999||||xx |||||||||||||| ||und|| | ||
| 082 |
_a657.61 _bP45 |
||
| 100 | _aPEREZ VALQUI CARLOS MAGNO | ||
| 245 | 0 | _aEL CONTADOR PUBLICO EN LA FORMULACION DE ESTRATEGIAS PARA REPONTENCIAR LA EMPRESA INDUSTRIAL DE CALZADOS BATA S.A.DE CHOSICA EN QUIEBRA | |
| 250 | _a0 | ||
| 260 |
_aCERRO DE PASCO-PERU _bUNDAC _c2001 |
||
| 300 |
_a112 pag. _c30 cm. |
||
| 341 | _h0 | ||
| 490 |
_v0 _a0 |
||
| 505 | _aCONTADOR PUBLICO/GERENTE Y TOMA DE DECISIONES/PLANEAMIENTO | ||
| 541 |
_aD _bPEREZ VALQUI, CARLOS M. _d26-Feb-02 _oSoles |
||
| 650 | _aContabilidad | ||
| 942 | _cTESIS | ||
| 999 |
_c43176 _d43176 |
||